[Event "DVM U14 2022"]
[Site "Kelheim GER"]
[Date "2022.12.29"]
[Round "5"]
[White "Haug, Mara"]
[Black "Melestean, Maxim"]
[Result "0-1"]
[Termination "normal"]
[Board "9.1"]
[WhiteElo "1629"]
[BlackElo "1315"]
[WhiteClock "00:02:09"]
[BlackClock "00:09:57"]
[WhiteTeam "Karlsruher SF 1853"]
[BlackTeam "Schachklub König Plauen"]
[PlyCount "91"]
[WhiteFideId "16259300"]
[BlackFideId "16280393"]
[EventCountry "GER"]
[EventRounds "7"]
[EventType "team-swiss"]
[EventDate "2022.12.26"]

1. e4 c6 2. Nf3 d5 3. Nc3 Bg4 4. h3 Bh5 5. exd5 cxd5 6. g4 Bg6 7. Ne5 Nc6 8. d4
e6 9. h4 f6 10. h5 fxe5 11. hxg6 h6 12. dxe5 Nxe5 13. Bb5 Nc6 14. Qe2 Kd7 15.
Be3 Bb4 16. Bd4 Nf6 17. O-O-O a6 18. Bxc6 bxc6 19. Na4 Rb8 20. Ba7 Qa5 21. Bxb8
Rxb8 22. b3 Ba3 23. Kb1 Qxa4 24. Qe5 Bd6 25. Qd4 Qxd4 26. Rxd4 Ne4 27. Re1 e5
28. Rd3 Rf8 29. f3 Ng5 30. c4 Rxf3 31. Rxf3 Nxf3 32. Re2 Ke6 33. Kc1 Ba3 34.
Kd1 e4 35. cxd5 Kxd5 36. Rc2 c5 37. Rc4 a5 38. Ke2 Ne5 39. Ra4 Bb4 40. a3 Bc3
41. Kd1 Nd3 42. Kc2 Nb2 43. Kxc3 Nxa4 44. bxa4 c4 45. Kd2 Kd4 46. Kc2 0-1

[Event "DVM U14 2022"]
[Site "Kelheim GER"]
[Date "2022.12.29"]
[Round "5"]
[White "Akladius, Kyrillus"]
[Black "Schulz, Jonas"]
[Result "0-1"]
[Termination "normal"]
[Board "9.2"]
[WhiteElo "1245"]
[BlackElo "1350"]
[WhiteClock "00:17:08"]
[BlackClock "00:34:13"]
[WhiteTeam "Schachklub König Plauen"]
[BlackTeam "Karlsruher SF 1853"]
[PlyCount "38"]
[WhiteFideId "16267036"]
[BlackFideId "16245172"]
[EventCountry "GER"]
[EventRounds "7"]
[EventType "team-swiss"]
[EventDate "2022.12.26"]

1. e4 {[%clk 01:30:59]} c6 {[%clk 01:30:39]} {[%emt 00:00:22]} 2. Nf3 {[%clk
01:31:23]} {[%emt 00:00:07]} d5 {[%clk 01:30:47]} {[%emt 00:00:22]} 3. Nc3
{[%clk 01:31:48]} {[%emt 00:00:05]} dxe4 {[%clk 01:30:46]} {[%emt 00:00:31]} 4.
Nxe4 {[%clk 01:32:10]} {[%emt 00:00:08]} Nf6 {[%clk 01:31:01]} {[%emt
00:00:14]} 5. Nxf6 {[%clk 01:32:34]} {[%emt 00:00:06]} exf6 {[%clk 01:30:38]}
{[%emt 00:00:54]} 6. d4 {[%clk 01:32:57]} {[%emt 00:00:07]} Bd6 {[%clk
01:29:57]} {[%emt 00:01:10]} 7. Be3 {[%clk 01:33:14]} {[%emt 00:00:13]} O-O
{[%clk 01:28:58]} {[%emt 00:01:29]} 8. Qd2 {[%clk 01:33:25]} {[%emt 00:00:19]}
Re8 {[%clk 01:26:46]} {[%emt 00:02:43]} 9. Be2 {[%clk 01:31:10]} {[%emt
00:02:45]} Bf5 {[%clk 01:23:20]} {[%emt 00:03:56]} 10. h3 {[%clk 01:27:21]}
{[%emt 00:04:19]} Nd7 {[%clk 01:19:29]} {[%emt 00:04:20]} 11. O-O-O {[%clk
01:14:14]} {[%emt 00:13:38]} Nf8 {[%clk 01:12:21]} {[%emt 00:07:37]} 12. g4
{[%clk 01:10:55]} {[%emt 00:03:50]} Be4 {[%clk 01:05:58]} {[%emt 00:06:53]} 13.
Rhg1 {[%clk 01:06:17]} {[%emt 00:05:07]} Qb6 {[%clk 01:00:09]} {[%emt
00:06:19]} 14. g5 {[%clk 00:48:57]} {[%emt 00:17:50]} f5 {[%clk 00:48:26]}
{[%emt 00:12:13]} 15. Nh4 {[%clk 00:38:35]} {[%emt 00:10:53]} Ng6 {[%clk
00:42:12]} {[%emt 00:06:44]} 16. Nxg6 {[%clk 00:38:42]} {[%emt 00:00:22]} fxg6
{[%clk 00:42:10]} {[%emt 00:00:32]} 17. f3 {[%clk 00:39:05]} {[%emt 00:00:08]}
Bd5 {[%clk 00:41:55]} {[%emt 00:00:44]} 18. a3 {[%clk 00:23:18]} {[%emt
00:16:16]} Qc7 {[%clk 00:35:22]} {[%emt 00:07:02]} 19. Bf2 {[%clk 00:17:08]}
{[%emt 00:06:42]} Bf4 {[%clk 00:34:13]} {[%emt 00:01:39]} 0-1

[Event "DVM U14 2022"]
[Site "Kelheim GER"]
[Date "2022.12.29"]
[Round "5"]
[White "Ensslen, Jakob"]
[Black "Rühmer, Nico"]
[Result "1-0"]
[Termination "normal"]
[Board "9.3"]
[WhiteElo "1345"]
[BlackElo "1391"]
[WhiteClock "00:29:49"]
[BlackClock "00:01:45"]
[WhiteTeam "Karlsruher SF 1853"]
[BlackTeam "Schachklub König Plauen"]
[PlyCount "83"]
[WhiteFideId "34640258"]
[BlackFideId "34640339"]
[EventCountry "GER"]
[EventRounds "7"]
[EventType "team-swiss"]
[EventDate "2022.12.26"]

1. d4 {[%emt 00:00:04]} f5 {[%emt 00:00:11]} 2. Bg5 {[%clk 01:30:59]} {[%emt
00:00:16]} Nf6 {[%clk 01:30:01]} {[%emt 00:01:29]} 3. Bxf6 {[%clk 01:31:16]}
{[%emt 00:00:12]} gxf6 {[%clk 01:28:49]} {[%emt 00:01:42]} 4. e3 {[%clk
01:31:01]} {[%emt 00:00:46]} e6 {[%clk 01:27:40]} {[%emt 00:01:38]} 5. Qh5
{[%clk 01:30:34]} {[%emt 00:00:56]} Ke7 {[%clk 01:27:58]} {[%emt 00:00:13]} 6.
Nc3 {[%clk 01:26:51]} {[%emt 00:04:13]} Qe8 {[%clk 01:26:20]} {[%emt 00:02:08]}
7. Qf3 {[%clk 01:18:31]} {[%emt 00:08:50]} c6 {[%clk 01:24:24]} {[%emt
00:02:27]} 8. e4 {[%clk 01:12:10]} {[%emt 00:06:51]} fxe4 {[%clk 01:21:36]}
{[%emt 00:03:17]} 9. Nxe4 {[%clk 01:11:47]} {[%emt 00:00:51]} f5 {[%clk
01:21:33]} {[%emt 00:00:35]} 10. Nc3 {[%clk 01:02:39]} {[%emt 00:09:38]} Bh6
{[%clk 01:20:18]} {[%emt 00:01:45]} 11. Bd3 {[%clk 00:49:50]} {[%emt 00:13:19]}
Kd8 {[%clk 01:14:37]} {[%emt 00:06:10]} 12. Nge2 {[%clk 00:46:02]} {[%emt
00:04:18]} Na6 {[%clk 01:12:06]} {[%emt 00:03:02]} 13. Bxa6 {[%clk 00:39:08]}
{[%emt 00:07:24]} bxa6 {[%clk 01:12:18]} {[%emt 00:00:17]} 14. g3 {[%clk
00:32:10]} {[%emt 00:07:29]} Rb8 {[%clk 01:09:10]} {[%emt 00:03:39]} 15. Rb1
{[%clk 00:23:56]} {[%emt 00:08:43]} Bb7 {[%clk 01:05:45]} {[%emt 00:03:55]} 16.
Qd3 {[%clk 00:19:30]} {[%emt 00:04:56]} Qf8 {[%clk 00:59:55]} {[%emt 00:06:20]}
17. O-O {[%clk 00:17:50]} {[%emt 00:02:09]} Rg8 {[%clk 00:57:05]} {[%emt
00:03:20]} 18. Na4 {[%clk 00:14:48]} {[%emt 00:03:32]} Bc8 {[%clk 00:47:07]}
{[%emt 00:10:29]} 19. Nc5 {[%clk 00:14:09]} {[%emt 00:01:08]} Rb5 {[%clk
00:41:19]} {[%emt 00:06:18]} 20. a4 {[%clk 00:10:54]} {[%emt 00:03:46]} Rb6
{[%clk 00:38:12]} {[%emt 00:03:36]} 21. a5 {[%clk 00:10:42]} {[%emt 00:00:42]}
Rb5 {[%clk 00:36:15]} {[%emt 00:02:28]} 22. b4 {[%clk 00:11:01]} {[%emt
00:00:11]} d6 {[%clk 00:23:13]} {[%emt 00:13:32]} 23. c4 {[%clk 00:08:51]}
{[%emt 00:02:39]} Rb8 {[%clk 00:22:53]} {[%emt 00:00:51]} 24. Na4 {[%clk
00:07:25]} {[%emt 00:01:56]} Rg7 {[%clk 00:19:01]} {[%emt 00:04:22]} 25. f4
{[%clk 00:07:03]} {[%emt 00:00:53]} Rg4 {[%clk 00:17:02]} {[%emt 00:02:29]} 26.
d5 {[%clk 00:05:53]} {[%emt 00:01:39]} e5 {[%clk 00:13:06]} {[%emt 00:04:26]}
27. fxe5 {[%clk 00:05:35]} {[%emt 00:00:48]} f4 {[%clk 00:12:17]} {[%emt
00:01:20]} 28. Qxh7 {[%clk 00:05:22]} {[%emt 00:00:42]} f3 {[%clk 00:08:31]}
{[%emt 00:04:16]} 29. Rb3 {[%clk 00:04:09]} {[%emt 00:01:43]} dxe5 {[%clk
00:05:27]} {[%emt 00:03:34]} 30. Rbxf3 {[%clk 00:03:19]} {[%emt 00:01:20]} Qg7
{[%clk 00:05:07]} {[%emt 00:00:49]} 31. Rf8 {[%clk 00:02:45]} {[%emt 00:01:04]}
Qxf8 {[%clk 00:05:14]} {[%emt 00:00:24]} 32. Rxf8 {[%clk 00:03:09]} {[%emt
00:00:06]} Bxf8 {[%clk 00:05:31]} {[%emt 00:00:12]} 33. Qh8 {[%clk 00:03:06]}
{[%emt 00:00:34]} Bd7 {[%clk 00:04:15]} {[%emt 00:01:46]} 34. Qxf8 {[%clk
00:02:53]} {[%emt 00:00:42]} Be8 {[%clk 00:04:40]} {[%emt 00:00:06]} 35. d6
{[%clk 00:02:35]} {[%emt 00:00:47]} Rb7 {[%clk 00:04:25]} {[%emt 00:00:46]} 36.
Nc5 {[%clk 00:02:49]} {[%emt 00:00:17]} Rf7 {[%clk 00:04:18]} {[%emt 00:00:36]}
37. Qh6 {[%clk 00:02:23]} {[%emt 00:00:56]} Rxc4 {[%clk 00:04:18]} {[%emt
00:00:28]} 38. d7 {[%clk 00:02:21]} {[%emt 00:00:33]} Bxd7 {[%clk 00:04:10]}
{[%emt 00:00:38]} 39. Nxd7 {[%clk 00:02:16]} {[%emt 00:00:34]} Kxd7 {[%clk
00:04:37]} {[%emt 00:00:05]} 40. Qd2 {[%clk 00:02:12]} {[%emt 00:00:34]} Kc7
{[%clk 00:04:09]} {[%emt 00:00:57]} 41. Kg2 {[%clk 00:00:57]} {[%emt 00:01:46]}
e4 {[%clk 00:01:45]} {[%emt 00:02:53]} 42. Qa2 {[%clk 00:29:49]} {[%emt
00:01:39]} 1-0

[Event "DVM U14 2022"]
[Site "Kelheim GER"]
[Date "2022.12.29"]
[Round "5"]
[White "da Costa Silva, Pepe"]
[Black "Müller, Maximilian"]
[Result "1-0"]
[Termination "normal"]
[Board "9.4"]
[WhiteElo "1103"]
[BlackElo "1089"]
[WhiteClock "00:37:11"]
[BlackClock "01:12:12"]
[WhiteTeam "Schachklub König Plauen"]
[BlackTeam "Karlsruher SF 1853"]
[PlyCount "125"]
[WhiteFideId "16282000"]
[BlackFideId "34640282"]
[EventCountry "GER"]
[EventRounds "7"]
[EventType "team-swiss"]
[EventDate "2022.12.26"]

1. e4 {[%clk 01:30:58]} {[%emt 00:00:03]} e5 {[%clk 01:30:57]} 2. Nf3 {[%clk
01:31:24]} {[%emt 00:00:04]} Nf6 {[%clk 01:31:16]} {[%emt 00:00:11]} 3. Nxe5
{[%clk 01:31:48]} {[%emt 00:00:06]} Nc6 {[%clk 01:31:38]} {[%emt 00:00:08]} 4.
Nxc6 {[%clk 01:32:02]} {[%emt 00:00:16]} dxc6 {[%clk 01:32:00]} {[%emt
00:00:08]} 5. Nc3 {[%clk 01:32:07]} {[%emt 00:00:25]} Bc5 {[%clk 01:32:23]}
{[%emt 00:00:07]} 6. f3 {[%clk 01:31:45]} {[%emt 00:00:52]} O-O {[%clk
01:31:39]} {[%emt 00:01:13]} 7. b3 {[%clk 01:30:49]} {[%emt 00:01:27]} Re8
{[%clk 01:29:47]} {[%emt 00:02:22]} 8. Bb2 {[%clk 01:29:57]} {[%emt 00:01:23]}
Be6 {[%clk 01:26:09]} {[%emt 00:04:08]} 9. Ne2 {[%clk 01:27:19]} {[%emt
00:03:07]} Bb6 {[%clk 01:24:54]} {[%emt 00:01:45]} 10. d4 {[%clk 01:25:33]}
{[%emt 00:02:16]} Qe7 {[%clk 01:24:49]} {[%emt 00:00:35]} 11. Qd2 {[%clk
01:20:00]} {[%emt 00:06:03]} Rad8 {[%clk 01:23:31]} {[%emt 00:01:48]} 12. O-O-O
{[%clk 01:18:08]} {[%emt 00:02:22]} Bc5 {[%clk 01:21:04]} {[%emt 00:02:58]} 13.
Qe3 {[%clk 01:13:16]} {[%emt 00:05:21]} Bb4 {[%clk 01:20:42]} {[%emt 00:00:51]}
14. Nf4 {[%clk 01:11:25]} {[%emt 00:02:21]} Bf5 {[%clk 01:18:11]} {[%emt
00:03:01]} 15. Qf2 {[%clk 01:07:11]} {[%emt 00:04:43]} Bd7 {[%clk 01:17:13]}
{[%emt 00:01:28]} 16. Bc4 {[%clk 01:06:11]} {[%emt 00:01:31]} b5 {[%clk
01:16:59]} {[%emt 00:00:44]} 17. Bd3 {[%clk 01:04:28]} {[%emt 00:02:13]} Bc8
{[%clk 01:16:13]} {[%emt 00:01:16]} 18. Qh4 {[%clk 01:02:14]} {[%emt 00:02:44]}
h6 {[%clk 01:14:47]} {[%emt 00:01:56]} 19. e5 {[%clk 01:01:00]} {[%emt
00:01:44]} Nd5 {[%clk 01:13:33]} {[%emt 00:01:44]} 20. Qxe7 {[%clk 01:00:16]}
{[%emt 00:01:14]} Nxe7 {[%clk 01:13:42]} {[%emt 00:00:20]} 21. c3 {[%clk
00:59:38]} {[%emt 00:01:09]} Ba5 {[%clk 01:13:56]} {[%emt 00:00:15]} 22. Rhe1
{[%clk 00:57:56]} {[%emt 00:02:13]} Nf5 {[%clk 01:12:10]} {[%emt 00:02:15]} 23.
Bxf5 {[%clk 00:55:50]} {[%emt 00:02:35]} Bxf5 {[%clk 01:12:31]} {[%emt
00:00:11]} 24. g4 {[%clk 00:55:53]} {[%emt 00:00:27]} Bh7 {[%clk 01:12:39]}
{[%emt 00:00:22]} 25. b4 {[%clk 00:50:49]} {[%emt 00:05:33]} Bb6 {[%clk
01:12:54]} {[%emt 00:00:16]} 26. Rd2 {[%clk 00:50:46]} {[%emt 00:00:32]} a6
{[%clk 01:08:09]} {[%emt 00:05:15]} 27. Rde2 {[%clk 00:50:00]} {[%emt
00:01:17]} f6 {[%clk 01:06:46]} {[%emt 00:01:53]} 28. exf6 {[%clk 00:48:04]}
{[%emt 00:02:25]} Rxe2 {[%clk 01:07:04]} {[%emt 00:00:13]} 29. Rxe2 {[%clk
00:47:46]} {[%emt 00:00:48]} gxf6 {[%clk 01:07:22]} {[%emt 00:00:12]} 30. Re6
{[%clk 00:47:29]} {[%emt 00:00:46]} Kf7 {[%clk 01:07:26]} {[%emt 00:00:27]} 31.
Rxc6 {[%clk 00:46:15]} {[%emt 00:01:40]} Rd6 {[%clk 01:07:30]} {[%emt
00:00:30]} 32. Rxd6 {[%clk 00:46:06]} {[%emt 00:00:39]} cxd6 {[%clk 01:07:54]}
{[%emt 00:00:06]} 33. Kd2 {[%clk 00:45:29]} {[%emt 00:01:07]} Ke7 {[%clk
01:08:08]} {[%emt 00:00:15]} 34. Nd5 {[%clk 00:45:21]} {[%emt 00:00:38]} Ke6
{[%clk 01:08:27]} {[%emt 00:00:12]} 35. Nxb6 {[%clk 00:45:31]} {[%emt
00:00:20]} Bg6 {[%clk 01:08:34]} {[%emt 00:00:23]} 36. Ke3 {[%clk 00:45:21]}
{[%emt 00:00:39]} f5 {[%clk 01:07:38]} {[%emt 00:01:26]} 37. Kf4 {[%clk
00:44:54]} {[%emt 00:00:57]} fxg4 {[%clk 01:07:57]} {[%emt 00:00:11]} 38. fxg4
{[%clk 00:45:13]} {[%emt 00:00:12]} Bf7 {[%clk 01:08:00]} {[%emt 00:00:27]} 39.
h4 {[%clk 00:44:38]} {[%emt 00:01:04]} Bg6 {[%clk 01:07:59]} {[%emt 00:00:31]}
40. d5 {[%clk 00:43:48]} {[%emt 00:01:20]} Ke7 {[%clk 01:08:16]} {[%emt
00:00:14]} 41. h5 {[%clk 00:42:51]} {[%emt 00:01:27]} Be8 {[%clk 01:08:33]}
{[%emt 00:00:13]} 42. Kf5 {[%clk 00:41:15]} {[%emt 00:02:05]} Kf7 {[%clk
01:08:51]} {[%emt 00:00:12]} 43. Bc1 {[%clk 00:41:09]} {[%emt 00:00:36]} Bd7
{[%clk 01:08:42]} {[%emt 00:00:32]} 44. Nxd7 {[%clk 00:41:27]} {[%emt
00:00:19]} Kg7 {[%clk 01:08:54]} {[%emt 00:00:19]} 45. Ke6 {[%clk 00:41:34]}
{[%emt 00:00:23]} Kg8 {[%clk 01:09:02]} {[%emt 00:00:22]} 46. Bxh6 {[%clk
00:41:18]} {[%emt 00:00:45]} Kh8 {[%clk 01:09:24]} {[%emt 00:00:08]} 47. Bc1
{[%clk 00:40:57]} {[%emt 00:00:51]} Kg7 {[%clk 01:09:41]} {[%emt 00:00:13]} 48.
Kxd6 {[%clk 00:41:15]} {[%emt 00:00:12]} Kf7 {[%clk 01:10:01]} {[%emt
00:00:10]} 49. h6 {[%clk 00:41:18]} {[%emt 00:00:28]} Kg6 {[%clk 01:10:00]}
{[%emt 00:00:31]} 50. Ke7 {[%clk 00:41:34]} {[%emt 00:00:13]} Kh7 {[%clk
01:10:03]} {[%emt 00:00:28]} 51. Nb6 {[%clk 00:41:50]} {[%emt 00:00:13]} a5
{[%clk 01:09:56]} {[%emt 00:00:37]} 52. d6 {[%clk 00:41:22]} {[%emt 00:00:58]}
a4 {[%clk 01:10:12]} {[%emt 00:00:14]} 53. d7 {[%clk 00:41:44]} {[%emt
00:00:08]} a3 {[%clk 01:10:37]} {[%emt 00:00:05]} 54. d8=R {[%emt 00:00:13]}
Kg6 {[%emt 00:00:15]} 55. Rd5 {[%clk 00:41:07]} {[%emt 00:00:39]} Kh7 {[%clk
01:10:55]} {[%emt 00:00:13]} 56. Rd6 {[%clk 00:41:11]} {[%emt 00:00:25]} Kg8
{[%clk 01:11:01]} {[%emt 00:00:24]} 57. Kf6 {[%clk 00:41:04]} {[%emt 00:00:36]}
Kh7 {[%clk 01:11:13]} {[%emt 00:00:19]} 58. g5 {[%clk 00:40:43]} {[%emt
00:00:51]} Kg8 {[%clk 01:11:24]} {[%emt 00:00:19]} 59. Bd2 {[%clk 00:36:33]}
{[%emt 00:04:41]} Kh7 {[%clk 01:11:34]} {[%emt 00:00:19]} 60. Be1 {[%clk
00:36:50]} {[%emt 00:00:13]} Kg8 {[%clk 01:11:51]} {[%emt 00:00:13]} 61. Rd8
{[%clk 00:37:07]} {[%emt 00:00:13]} Kh7 {[%clk 01:11:56]} {[%emt 00:00:25]} 62.
g6 {[%clk 00:37:22]} {[%emt 00:00:15]} Kxh6 {[%clk 01:12:12]} {[%emt 00:00:14]}
63. Rh8 {[%clk 00:37:11]} 1-0

[Event "DVM U14 2022"]
[Site "Kelheim GER"]
[Date "2022.12.29"]
[Round "5"]
[White "Huber, Benedikt"]
[Black "Schneble, Milan"]
[Result "0-1"]
[Termination "normal"]
[Board "10.1"]
[WhiteElo "1898"]
[BlackElo "1521"]
[WhiteClock "00:02:47"]
[BlackClock "00:03:06"]
[WhiteTeam "SK Kelheim 1920"]
[BlackTeam "SF Birkenfeld"]
[PlyCount "60"]
[WhiteFideId "16281225"]
[BlackFideId "16266102"]
[EventCountry "GER"]
[EventRounds "7"]
[EventType "team-swiss"]
[EventDate "2022.12.26"]

1. e4 {[%clk 01:30:57]} {[%emt 00:00:04]} d6 {[%clk 01:30:55]} {[%emt
00:00:04]} 2. d4 {[%clk 01:31:09]} {[%emt 00:00:17]} Nf6 {[%clk 01:31:18]}
{[%emt 00:00:06]} 3. Nc3 {[%clk 01:31:33]} {[%emt 00:00:07]} g6 {[%clk
01:31:33]} {[%emt 00:00:16]} 4. Be3 {[%clk 01:31:51]} {[%emt 00:00:11]} c6
{[%clk 01:29:55]} {[%emt 00:02:08]} 5. Qd2 {[%clk 01:31:45]} {[%emt 00:00:36]}
b5 {[%clk 01:29:16]} {[%emt 00:01:10]} 6. Bd3 {[%clk 01:32:05]} {[%emt
00:00:09]} Nbd7 {[%clk 01:24:45]} {[%emt 00:05:02]} 7. Nf3 {[%clk 01:31:49]}
{[%emt 00:00:45]} Bg7 {[%clk 01:24:45]} {[%emt 00:00:30]} 8. Bh6 {[%clk
01:30:32]} {[%emt 00:01:48]} O-O {[%clk 01:24:41]} {[%emt 00:00:34]} 9. Bxg7
{[%clk 01:30:53]} {[%emt 00:00:09]} Kxg7 {[%clk 01:25:06]} {[%emt 00:00:04]}
10. O-O-O {[%clk 01:28:55]} {[%emt 00:02:28]} a5 {[%clk 01:23:55]} {[%emt
00:01:41]} 11. Rdg1 {[%clk 01:27:17]} {[%emt 00:02:07]} Nb6 {[%emt 00:02:03]}
12. h3 {[%clk 01:19:00]} {[%emt 00:08:47]} b4 {[%clk 01:21:07]} {[%emt
00:01:47]} 13. Ne2 {[%clk 01:19:24]} {[%emt 00:00:05]} c5 {[%clk 01:20:24]}
{[%emt 00:01:14]} 14. e5 {[%clk 01:16:52]} {[%emt 00:03:02]} Nfd5 {[%clk
01:10:13]} {[%emt 00:10:40]} 15. dxc5 {[%clk 01:15:55]} {[%emt 00:01:27]} dxc5
{[%clk 01:10:38]} {[%emt 00:00:06]} 16. Be4 {[%clk 01:15:32]} {[%emt 00:00:52]}
c4 {[%clk 01:07:33]} {[%emt 00:03:36]} 17. Rd1 {[%clk 01:10:34]} {[%emt
00:05:27]} Bb7 {[%clk 01:03:41]} {[%emt 00:04:22]} 18. c3 {[%clk 00:47:38]}
{[%emt 00:23:27]} e6 {[%clk 00:47:09]} {[%emt 00:17:02]} 19. g4 {[%clk
00:34:32]} {[%emt 00:13:36]} Qe7 {[%clk 00:43:33]} {[%emt 00:04:06]} 20. h4
{[%clk 00:16:58]} {[%emt 00:18:03]} Rad8 {[%clk 00:29:47]} {[%emt 00:14:16]}
21. Nfd4 {[%clk 00:14:50]} {[%emt 00:02:38]} Nxc3 {[%clk 00:22:26]} {[%emt
00:07:51]} 22. bxc3 {[%clk 00:12:33]} {[%emt 00:02:48]} Bxe4 {[%clk 00:22:01]}
{[%emt 00:00:54]} 23. Rh3 {[%clk 00:11:47]} {[%emt 00:01:15]} Na4 {[%clk
00:17:31]} {[%emt 00:05:01]} 24. cxb4 {[%clk 00:07:40]} {[%emt 00:04:37]} axb4
{[%clk 00:15:17]} {[%emt 00:02:44]} 25. Qe3 {[%clk 00:06:47]} {[%emt 00:01:23]}
Qb7 {[%clk 00:04:24]} {[%emt 00:11:23]} 26. Ng3 {[%clk 00:04:10]} {[%emt
00:03:07]} Nc3 {[%clk 00:02:34]} {[%emt 00:02:20]} 27. Nxe4 {[%clk 00:02:40]}
{[%emt 00:02:00]} Qxe4 {[%clk 00:02:07]} {[%emt 00:00:58]} 28. Qxe4 {[%clk
00:02:28]} {[%emt 00:00:41]} Nxe4 {[%clk 00:02:32]} {[%emt 00:00:05]} 29. Rh2
{[%clk 00:02:27]} {[%emt 00:00:29]} Nc3 {[%clk 00:02:49]} {[%emt 00:00:14]} 30.
Rd2 {[%clk 00:02:47]} {[%emt 00:00:10]} Rxd4 {[%clk 00:03:06]} {[%emt
00:00:14]} 0-1

[Event "DVM U14 2022"]
[Site "Kelheim GER"]
[Date "2022.12.29"]
[Round "5"]
[White "Ehrlich, Patrick"]
[Black "Reimann, Marcus"]
[Result "1/2-1/2"]
[Termination "normal"]
[Board "10.2"]
[WhiteElo "1522"]
[BlackElo "1326"]
[WhiteClock "00:01:42"]
[BlackClock "00:02:24"]
[WhiteTeam "SF Birkenfeld"]
[BlackTeam "SK Kelheim 1920"]
[PlyCount "67"]
[WhiteFideId "34604316"]
[BlackFideId "34640312"]
[EventCountry "GER"]
[EventRounds "7"]
[EventType "team-swiss"]
[EventDate "2022.12.26"]

1. d4 {[%clk 01:30:58]} {[%emt 00:00:01]} d5 {[%clk 01:30:59]} {[%emt
00:00:03]} 2. Nf3 {[%clk 01:31:22]} {[%emt 00:00:04]} Nf6 {[%clk 01:31:22]}
{[%emt 00:00:07]} 3. e3 {[%clk 01:31:43]} {[%emt 00:00:09]} e6 {[%clk
01:30:24]} {[%emt 00:01:29]} 4. Bd3 {[%clk 01:32:05]} {[%emt 00:00:07]} Bd6
{[%clk 01:30:06]} {[%emt 00:00:48]} 5. Ne5 {[%clk 01:31:05]} {[%emt 00:01:30]}
Nbd7 {[%clk 01:29:37]} {[%emt 00:00:59]} 6. f4 {[%clk 01:31:24]} {[%emt
00:00:11]} c5 {[%clk 01:07:03]} {[%emt 00:23:04]} 7. c3 {[%clk 01:31:44]}
{[%emt 00:00:10]} c4 {[%clk 01:04:54]} {[%emt 00:02:39]} 8. Bc2 {[%clk
01:32:09]} {[%emt 00:00:05]} Qe7 {[%clk 01:03:52]} {[%emt 00:01:32]} 9. Nd2
{[%clk 01:31:08]} {[%emt 00:01:31]} Nb6 {[%clk 01:02:48]} {[%emt 00:01:34]} 10.
Ndf3 {[%clk 01:31:00]} {[%emt 00:00:38]} Bd7 {[%clk 01:00:48]} {[%emt
00:02:30]} 11. Ng5 {[%clk 01:29:18]} {[%emt 00:02:12]} Bxe5 {[%clk 01:00:44]}
{[%emt 00:00:33]} 12. fxe5 {[%clk 01:29:38]} {[%emt 00:00:11]} Ne4 {[%clk
01:00:34]} {[%emt 00:00:40]} 13. Nxe4 {[%clk 01:28:52]} {[%emt 00:01:16]} dxe4
{[%clk 01:00:49]} {[%emt 00:00:15]} 14. Qg4 {[%clk 01:28:57]} {[%emt 00:00:24]}
O-O-O {[%clk 00:55:18]} {[%emt 00:06:01]} 15. O-O {[%clk 01:24:49]} {[%emt
00:04:40]} f5 {[%clk 00:52:02]} {[%emt 00:03:45]} 16. exf6 {[%clk 01:24:44]}
{[%emt 00:00:35]} gxf6 {[%clk 00:50:09]} {[%emt 00:02:23]} 17. Qxe4 {[%clk
01:24:12]} {[%emt 00:01:02]} Bc6 {[%clk 00:50:30]} {[%emt 00:00:10]} 18. Qh4
{[%clk 01:23:57]} {[%emt 00:00:37]} Qg7 {[%clk 00:48:41]} {[%emt 00:02:26]} 19.
Be4 {[%clk 01:22:45]} {[%emt 00:01:40]} Nd5 {[%clk 00:47:28]} {[%emt 00:01:45]}
20. g3 {[%clk 01:19:31]} {[%emt 00:03:44]} f5 {[%clk 00:46:23]} {[%emt
00:01:35]} 21. Bg2 {[%clk 01:19:53]} {[%emt 00:00:08]} Nf6 {[%clk 00:45:06]}
{[%emt 00:01:48]} 22. Bxc6 {[%clk 01:17:10]} {[%emt 00:03:13]} bxc6 {[%clk
00:45:28]} {[%emt 00:00:08]} 23. a4 {[%clk 01:10:15]} {[%emt 00:07:25]} Ne4
{[%clk 00:45:15]} {[%emt 00:00:43]} 24. a5 {[%clk 01:10:15]} {[%emt 00:00:30]}
a6 {[%clk 00:45:13]} {[%emt 00:00:32]} 25. Ra4 {[%clk 01:10:19]} {[%emt
00:00:26]} Qc7 {[%clk 00:44:16]} {[%emt 00:01:26]} 26. Rxc4 {[%clk 01:08:48]}
{[%emt 00:02:01]} h5 {[%clk 00:37:05]} {[%emt 00:07:41]} 27. Rf4 {[%clk
01:02:59]} {[%emt 00:06:18]} Qxa5 {[%clk 00:16:27]} {[%emt 00:21:09]} 28. Qe7
{[%clk 00:57:02]} {[%emt 00:06:27]} Rhe8 {[%clk 00:08:00]} {[%emt 00:08:57]}
29. Qa7 {[%clk 00:54:36]} {[%emt 00:02:56]} Qc7 {[%clk 00:06:22]} {[%emt
00:02:08]} 30. Qxa6 {[%clk 00:47:41]} {[%emt 00:07:26]} Kd7 {[%clk 00:06:34]}
{[%emt 00:00:17]} 31. Rb4 {[%clk 00:37:31]} {[%emt 00:10:40]} Ra8 {[%clk
00:03:33]} {[%emt 00:03:31]} 32. Qe2 {[%clk 00:35:24]} {[%emt 00:02:36]} Rh8
{[%clk 00:02:40]} {[%emt 00:01:24]} 33. Rc4 {[%clk 00:14:59]} {[%emt 00:20:55]}
Qa5 {[%clk 00:02:24]} {[%emt 00:00:46]} 34. Kg2 {[%clk 00:01:42]} {[%emt
00:13:46]} 1/2-1/2